| 000 | 01010cam a2200289 a 4500 | ||
|---|---|---|---|
| 001 | 1109218 | ||
| 003 | OSt | ||
| 005 | 20180207191201.0 | ||
| 008 | 931214s1994 enka b 001 0 eng | ||
| 010 | _a 93049455 | ||
| 020 | _a0521441242 (hardback) | ||
| 020 | _a0521446694 (pbk.) | ||
| 040 |
_aDLC _cDLC _dDLC |
||
| 050 | 0 | 0 |
_aQA808 _b.M49 1994 |
| 082 | 0 | 0 |
_a550.1531 _220 _bMID 1994 |
| 100 | 1 |
_aMiddleton, Gerard V.; Wilcock, Peter R. _98035 |
|
| 245 | 1 | 0 | _aMechanics in the Earth and Environmental Sciences |
| 260 |
_bCambridge University Press, _c1994. |
||
| 300 |
_axvi, 459 p. : _bill. ; _c26 cm. |
||
| 504 | _aIncludes bibliographical references and indexes. | ||
| 650 | 0 |
_aMechanics _98036 |
|
| 650 | 0 |
_aEnvironmental science _911748 |
|
| 856 | 4 | 2 |
_3Publisher description _uhttp://www.loc.gov/catdir/description/cam026/93049455.html |
| 856 | 4 | 1 |
_3Table of contents _uhttp://www.loc.gov/catdir/toc/cam021/93049455.html |
| 906 |
_a7 _bcbc _corignew _d1 _eocip _f19 _gy-gencatlg |
||
| 942 |
_2ddc _cSLOAN |
||
| 999 |
_c3600 _d3600 |
||